000 004910000a22001690004500
003 MACL
005 20160413131450.0
008 160413b xxu||||| |||| 00| 0 eng d
040 _aMACL
_cMACL
041 _aHindi
082 _a800
100 _aभानुप्रताप शुक्‍ल
_949157
245 _aराजनीति की चौपड
260 _bविक्रम प्रकाशन
_c2002
_aदिल्‍ली
350 _a300
942 _cHIN
_k800
_2ddc
999 _c18035
_d18035